Юрий Злотников (Запись № 1257388)

Подробности
000 -МАРКЕР
контрольное поле 01563nam0a2200301 4500
001 - ИДЕНТИФИКАТОР ЗАПИСИ
контрольное поле RU\NLR\bibl\522651
005 - ИДЕНТИФИКАТОР ВЕРСИИ
контрольное поле 20260407124833.0
021 ## - НОМЕР ГОСУДАРСТВЕННОЙ РЕГИСТРАЦИИ
Код страны Российская Федерация
Номер 2004-23123
Номер Листа государственной регистраци 1169
035 ## - ДРУГИЕ СИСТЕМНЫЕ НОМЕРА
Идентификатор записи (NLR Aleph) 000515046
100 ## - ДАННЫЕ ОБЩЕЙ ОБРАБОТКИ
Данные общей обработки 20040521d2004 |||y0rusy50 ca
101 0# - ЯЗЫК РЕСУРСА
Язык текста, звукозаписи и т.д. русский
102 ## - СТРАНА ПУБЛИКАЦИИ ИЛИ ПРОИЗВОДСТВА
Страна публикации Российская Федерация
105 ## - ПОЛЕ КОДИРОВАННЫХ ДАННЫХ: ТЕКСТОВЫЕ МАТЕРИАЛЫ, МОНОГРАФИЧЕСКИЕ
Кодированные данные о монографическом текстовом документе a |||||||||
200 1# - ЗАГЛАВИЕ И СВЕДЕНИЯ ОБ ОТВЕТСТВЕННОСТИ
Основное заглавие Юрий Злотников
Сведения, относящиеся к заглавию Живопись и графика из кол. Гос. Третьяков. галереи, моск. музеев, част. кол., собр. художника
-- [Кат. выст.
Первые сведения об ответственности Авт. текстов: Л. Кашук и др.]
210 ## - ПУБЛИКАЦИЯ, РАСПРОСТРАНЕНИЕ И ДР.
Место издания, распространения и т.д. М.
Имя издателя, распространителя и т. д. Новый Эрмитаж - один
Дата издания, распространения и т.д. 2004
215 ## - ФИЗИЧЕСКАЯ ХАРАКТЕРИСТИКА
Специфическое обозначение материала и объем 63 с.
Другие сведения о физической характеристике цв. ил.
Размеры 23х28
300 ## - ОБЩИЕ ПРИМЕЧАНИЯ
Текст примечания В надзаг.: М-во культуры Рос. Федерации, Гос. Третьяков. галерея
600 #1 - ИМЯ ЛИЦА КАК ПРЕДМЕТ
Начальный элемент ввода Злотников
Часть имени, кроме начального элемента ввода Ю. С.
Даты 1930 - 2016
Расширение инициалов личного имени Юрий Савельевич
Тематический подзаголовок Выставки
Географический подзаголовок Москва, город
Хронологический подзаголовок 2004
Системный номер авторитетной/нормативной записи 2334927
Идентификатор авторитетной/нормативной записи RU\NLR\AUTH\661396046
601 02 - НАИМЕНОВАНИЕ ОРГАНИЗАЦИИ КАК ПРЕДМЕТ
Начальный элемент ввода Государственная Третьяковская галерея
Идентифицирующий признак Москва, город
Тематический подзаголовок Выставки
Хронологический подзаголовок 2004
Системный номер авторитетной/нормативной записи 2334924
Идентификатор авторитетной/нормативной записи RU\NLR\auth\661396044
686 ## - ИНДЕКСЫ ДРУГИХ КЛАССИФИКАЦИЙ
Индекс Щ143(2Р=Рус)7-8Злотников
712 02 - НАИМЕНОВАНИЕ ОРГАНИЗАЦИИ - ВТОРИЧНАЯ ОТВЕТСТВЕННОСТЬ
Код отношения Прочие
Начальный элемент ввода Государственная Третьяковская галерея
Идентифицирующий признак Москва
Системный номер авторитетной/нормативной записи 432136
Идентификатор авторитетной/нормативной записи RU\NLR\AUTH\889967893
801 #0 - ИСТОЧНИК ЗАПИСИ
Страна Российская Федерация
Организация NLR
Дата составления 20040521
Правила каталогизации PSBO
801 #1 - ИСТОЧНИК ЗАПИСИ
Страна Российская Федерация
Организация NLR
Дата составления 20040521
942 ## - ДОПОЛНИТЕЛЬНЫЕ ЭЛЕМЕНТЫ ЗАПИСИ (АБИС)
Тип экземпляра АБИС Книга
980 ## - КОЛЛЕКЦИЯ
Название коллекции Национальная библиография
Экземпляры
Тип экземпляра Дата поступления Источник поступления Библиотека постоянного хранения Библиотека текущего хранения Место хранения Шифр хранения Штрих-код Статус экземпляра
Книга 21.05.2004 Обязательный экземпляр РНБ (Садовая) РНБ (Садовая) Фонд эстампов и фотографий (изоизданий) Э КП/З-685 690882